| 000 | 00342nmm a2200145 a 4500 | ||
|---|---|---|---|
| 003 | AR-BaBNM | ||
| 005 | 20251128202652.0 | ||
| 008 | 013119s1933 ||||||||||||||000 | spa|| | ||
| 040 | _cAR-BaBNM | ||
| 100 | 1 | _aBazzani, P.L. | |
| 245 | 1 | 0 | _aTratado de merceología y tecnología |
| 260 |
_a[S.l.] _bLópez _c1933 |
||
| 942 | _cBK | ||
| 998 | _cJacobzon | ||
| 999 |
_c56 _d56 |
||